Lolita /

Salvato in:
Dettagli Bibliografici
Autore principale: Nabokov, Vladimir.
Natura: Libro
Lingua:English
Pubblicazione: London : David Campbell, 1992.
Soggetti:
Tags: Aggiungi Tag
Nessun Tag, puoi essere il primo ad aggiungerne! !
Thư viện lưu trữ: Mạng thư viện Đại học Đà Nẵng
LEADER 00903cam a2200361 i 4500
001 000047320
003 6930
005 20030225155315.0
008 010309|1992 vm 000 eng
020 |a 185715133X 
022 |a T 
040 |a IRC  |c IRC  |d IRC 
041 0 |a eng 
082 1 4 |a 813.54  |b NA-V 
100 1 |a Nabokov, Vladimir. 
245 0 0 |a Lolita /  |c Vladimir Nabokov ; Introduced by Martin Amis. 
260 |a London :  |b David Campbell,  |c 1992. 
300 |a 335p. ;  |c 20.5cm. 
630 0 4 |a American literature. 
630 0 4 |a American stories. 
630 0 4 |a Vladimir Nabokov. 
630 0 4 |a Lolita. 
650 0 4 |a Literature, American  |x Stories. 
OWN |a DUT 
999 |a From the UDN01 
TYP |a Monograph 
TYP |a Printed language 
980 |a Mạng thư viện Đại học Đà Nẵng